Calciatori del Real Madrid nella Squadra dell'anno UEFA - Statistics

Statistiche generali
  • Questo quiz è stato fatto 54 volte
  • Il punteggio medio è 12 su 17
Statistiche sulle risposte
Numero apparizioni Edizioni apparizioni Nazione Calciatore % Corretto
12 2009; 2010; 2011; 2012; 2013; 2014; 2015; 2016; 2017; 2018; 2019; 2020 Portogallo Cristiano Ronaldo
100%
1 2002 Brasile Ronaldo
98%
1 2013 Galles Gareth Bale
90%
9 2008; 2012; 2013; 2014; 2015; 2016; 2017; 2018; 2020 Spagna Sergio Ramos
88%
3 2014; 2016; 2017 Germania Toni Kroos
84%
3 2001; 2002; 2003 Francia Zinédine Zidane
84%
1 2015 Colombia James Rodríguez
76%
1 2006 Italia Fabio Cannavaro
73%
6 2007; 2008; 2009; 2010; 2011; 2012 Spagna Iker Casillas
71%
1 2003 Portogallo Luís Figo
67%
3 2011; 2017; 2018 Brasile Marcelo
67%
1 2014 Argentina Ángel Di María
61%
3 2016; 2017; 2018 Croazia Luka Modrić
55%
2 2002; 2003 Brasile Roberto Carlos
55%
1 2009 Brasile Kaká
43%
1 2013 Germania Mesut Özil
41%
1 2018 Francia Raphaël Varane
18%
Nessun quiz corrispondente trovato
Distribuzione punteggi
Percentuale di utenti per punteggio
Percentile per numero di risposta
I tuoi punteggi nel tempo
Non hai fatto questo quiz